|
|
|
|
| LEADER |
01334nam a2200361 4500 |
| 001 |
ocn970664723 |
| 003 |
OCoLC |
| 005 |
20180501122034.0 |
| 006 |
m o d |
| 007 |
cr un|---aucuu |
| 008 |
170130s2017 ne o 000 0 eng d |
| 040 |
|
|
|a OPELS
|b eng
|e rda
|e pn
|c OPELS
|d OCLCO
|d GrThAP
|
| 020 |
|
|
|a 9780128121184
|q (print)
|
| 035 |
|
|
|a (OCoLC)970664723
|
| 050 |
|
4 |
|a LB1060
|
| 082 |
0 |
4 |
|a 153.1/5
|2 23
|
| 049 |
|
|
|a TEFA
|
| 245 |
0 |
0 |
|a Psychology of learning and motivation.
|n Volume 66 /
|c edited by Brian Ross.
|
| 264 |
|
1 |
|a [Amsterdam] :
|b Academic Press,
|c 2017.
|
| 300 |
|
|
|a 1 online resource.
|
| 336 |
|
|
|a text
|b txt
|2 rdacontent
|
| 337 |
|
|
|a computer
|b c
|2 rdamedia
|
| 338 |
|
|
|a online resource
|b cr
|2 rdacarrier
|
| 490 |
1 |
|
|a Psychology of Learning and Motivation ;
|v 66
|
| 588 |
0 |
|
|a Online resource; title from title details screen (ScienceDirect, viewed January 30, 2017).
|
| 650 |
|
0 |
|a Learning, Psychology of.
|
| 650 |
|
0 |
|a Motivation (Psychology)
|
| 650 |
|
7 |
|a Learning, Psychology of.
|2 fast
|0 (OCoLC)fst00995009
|
| 650 |
|
7 |
|a Motivation (Psychology)
|2 fast
|0 (OCoLC)fst01027516
|
| 655 |
|
4 |
|a Electronic books.
|
| 700 |
1 |
|
|a Ross, Brian H.,
|e editor.
|
| 830 |
|
0 |
|a Psychology of learning and motivation ;
|v 66.
|
| 856 |
4 |
0 |
|u https://www.sciencedirect.com/science/bookseries/00797421/66
|z Full Text via HEAL-Link
|